LEADER 01333oam 2200433zu 450 001 9910872506503321 005 20241212214923.0 024 7 $a10.1109/NSSMIC.1999 035 $a(CKB)111026746727296 035 $a(SSID)ssj0000454760 035 $a(PQKBManifestationID)12147495 035 $a(PQKBTitleCode)TC0000454760 035 $a(PQKBWorkID)10415506 035 $a(PQKB)11740367 035 $a(NjHacI)99111026746727296 035 $a(EXLCZ)99111026746727296 100 $a20160829d1999 uy 101 0 $aeng 135 $aur||||||||||| 181 $ctxt 182 $cc 183 $acr 200 10$a1999 IEEE Nuclear Science Symposium 210 31$a[Place of publication not identified]$cI E E E$d1999 215 $a1 online resource (1894 pages) $cillustrations 300 $aBibliographic Level Mode of Issuance: Monograph 311 08$a9780780356962 311 08$a0780356969 606 $aAstronomical instruments$vCongresses 606 $aDiagnostic imaging$vCongresses 615 0$aAstronomical instruments 615 0$aDiagnostic imaging 676 $a522.2 712 02$aIEEE, Institute of Electrical and Electronics Engineers, Inc. Staff 801 0$bPQKB 906 $aPROCEEDING 912 $a9910872506503321 996 $a1999 IEEE Nuclear Science Symposium$92529867 997 $aUNINA